Webster's third new international dictionary of the English language unabridged (Record no. 15035)

000 -LEADER
fixed length control field 00816nam a2200205 a 4500
001 - CONTROL NUMBER
control field :::00012873$&:&@@
003 - CONTROL NUMBER IDENTIFIER
control field OkBaRHE
005 - DATE AND TIME OF LATEST TRANSACTION
control field 20110915153607.0
008 - FIXED-LENGTH DATA ELEMENTS--GENERAL INFORMATION
fixed length control field s1986 j 000 0 eng u
020 ## - INTERNATIONAL STANDARD BOOK NUMBER
International Standard Book Number 0877792011
040 ## - CATALOGING SOURCE
Transcribing agency
245 10 - TITLE STATEMENT
Title Webster's third new international dictionary of the English language unabridged
Statement of responsibility, etc editor in chief, Philip Babcock Gove and the Merriam-Webster editorial staff.
260 ## - PUBLICATION, DISTRIBUTION, ETC. (IMPRINT)
Place of publication, distribution, etc Springfield, Mass., U.S.A.
Name of publisher, distributor, etc Merriam-Webster
Date of publication, distribution, etc 1986
300 ## - PHYSICAL DESCRIPTION
Extent 2662 p. ;
Dimensions 32 cm. (3 volumes)
650 ## - SUBJECT ADDED ENTRY--TOPICAL TERM
Topical term or geographic name as entry element English language
General subdivision Dictionaries.
9 (RLIN) 499
700 ## - ADDED ENTRY--PERSONAL NAME
Personal name Gove, Philip Babcock, 1902-1972.
9 (RLIN) 497
700 ## - ADDED ENTRY--PERSONAL NAME
Personal name Merriam-Webster, Inc.
9 (RLIN) 498
942 ## - ADDED ENTRY ELEMENTS (KOHA)
Source of classification or shelving scheme
Koha item type Books
Copies
Date last seen Source of classification or shelving scheme Koha item type Barcode Full call number Shelving location Permanent Location Damaged status Withdrawn status Copy number Price effective from Lost status Current Location Not for loan
2010-04-14 Books12873PE 1625 .W36General StacksRHEMA Bible Training College  12010-04-14 RHEMA Bible Training College